<?xml version="1.0" encoding="UTF-8"?>
<collection xmlns="http://www.loc.gov/MARC21/slim">
 <record>
  <leader>03332nam a22002531a 4500</leader>
  <controlfield tag="001">1/24345</controlfield>
  <controlfield tag="008">      s2001    lu     f      00010 gre d</controlfield>
  <datafield tag="022" ind1="0" ind2=" ">
   <subfield code="a">0254-1483</subfield>
  </datafield>
  <datafield tag="022" ind1="0" ind2=" ">
   <subfield code="a">0254-1475</subfield>
  </datafield>
  <datafield tag="028" ind1="3" ind2="1">
   <subfield code="a">KT-CO-01-512-GR-C</subfield>
  </datafield>
  <datafield tag="028" ind1="3" ind2="1">
   <subfield code="a">KT-CO-01-512-EN-C</subfield>
  </datafield>
  <datafield tag="028" ind1="3" ind2="1">
   <subfield code="a">2001/0184 (ACC)</subfield>
  </datafield>
  <datafield tag="035" ind1=" " ind2=" ">
   <subfield code="l">26105</subfield>
  </datafield>
  <datafield tag="040" ind1=" " ind2=" ">
   <subfield code="a">GR-PeUP</subfield>
  </datafield>
  <datafield tag="084" ind1=" " ind2=" ">
   <subfield code="a">KET COM (2001) 468 τελικό</subfield>
  </datafield>
  <datafield tag="110" ind1="2" ind2=" ">
   <subfield code="a">Επιτροπή των Ευρωπαϊκών Κοινοτήτων.</subfield>
  </datafield>
  <datafield tag="245" ind1="1" ind2="0">
   <subfield code="a">Πρόταση απόφασης του Συμβουλίου και της Επιτροπής σχετικά με τη θέση που πρέπει να λάβει η Κοινότητα στο πλαίσιο του Συμβουλίου Σύνδεσης που συστήθηκε με την ευρωπαϊκή συμφωνία μεταξύ των Ευρωπαϊκών Κοινοτήτων και των κρατών μελών τους, αφενός, και της Δημοκρατίας της Ουγγαρίας, αφετέρου, που υπογράφτηκε στις Βρυξέλλες στις 16 Δεκεμβρίου 1991, όσον αφορά την απόφαση που καταργεί και αντικαθιστά την απόφαση αριθμ. 2/96 του Συμβουλίου Σύνδεσης της 6ης Νοεμβρίου 1996, για τη θέσπιση των αναγκαίων κανόνων εφαρμογής του άρθρου 62, παράγραφος 1 σημεία (i) και (ii) και παράγραφος 2 της ευρωπαϊκής συμφωνίας και των κανόνων ερφαρμογής του άρθρου 8, παράγρφος 1 σημεία (i) και (ii) και παράγραφος 2 του πρωτοκόλλου αριθ. 2 σχετικά με τα προϊόντα ΕΚΑΧ, της ίδιας συμφωνίας</subfield>
   <subfield code="b">υποβληθείσα από την Επιτροπή/</subfield>
   <subfield code="c">Επιτροπή των Ευρωπαϊκών Κοινοτήτων</subfield>
  </datafield>
  <datafield tag="246" ind1="1" ind2="0">
   <subfield code="a">Proposal for a Council and Commission Decision on the position to be taken by the Community within the Association Council established by the Europe Agreement between the European Communities and their Member States, of the one part, and the Republic of Hungary, of the other part, signed at Brussels on 16 December 1991, with regard to the decision repealing and replacing Decision No 2/96 of the Association Council of 6 November 1996, adopting the rules necessary for the implementation of Article 62 (1) (i), (1) (ii) and (2) of the Europe Agreement and the rules implententing the Article 8 (1) (i), (1) (ii) and (2) of Protocol No 2 on ECSC products to that Europe Agreement</subfield>
  </datafield>
  <datafield tag="260" ind1="0" ind2=" ">
   <subfield code="a">Βρυξέλλες, Λουξεμβούργο:</subfield>
   <subfield code="b">Υπηρεσία Επισήμων Εκδόσεων των Ευρωπαϊκών Κοινοτήτων,</subfield>
   <subfield code="c">14.8.2001</subfield>
  </datafield>
  <datafield tag="300" ind1=" " ind2=" ">
   <subfield code="a">18 σελ.</subfield>
  </datafield>
  <datafield tag="500" ind1=" " ind2=" ">
   <subfield code="a">Δίγλωσσο</subfield>
  </datafield>
  <datafield tag="852" ind1=" " ind2=" ">
   <subfield code="a">INST</subfield>
   <subfield code="b">UNIPILB</subfield>
   <subfield code="c">KET</subfield>
   <subfield code="e">20050124</subfield>
   <subfield code="h">COM (2001) 468</subfield>
   <subfield code="p">COM (2001) 468</subfield>
   <subfield code="q">COM (2001) 468</subfield>
   <subfield code="t">NOLOAN</subfield>
   <subfield code="y">23</subfield>
   <subfield code="4">1</subfield>
  </datafield>
  <datafield tag="856" ind1="4" ind2="1">
   <subfield code="u">http://eur-lex.europa.eu/LexUriServ/LexUriServ.do?uri=COM:2001:0468:FIN:EL:PDF</subfield>
  </datafield>
  <datafield tag="856" ind1="4" ind2="1">
   <subfield code="u">http://eur-lex.europa.eu/LexUriServ/LexUriServ.do?uri=COM:2001:0468:FIN:EN:PDF</subfield>
  </datafield>
 </record>
</collection>
